Anthropologie de la famille et de la parenté (notice n° 1925344)

détails MARC
000 -LEADER
fixed length control field 00852cam a2200133 4500500
005 - DATE AND TIME OF LATEST TRANSACTION
control field 20260329023203.0
041 ## - LANGUAGE CODE
Language code of text/sound track or separate title fre
042 ## - AUTHENTICATION CODE
Authentication code dc
100 10 - MAIN ENTRY--PERSONAL NAME
Personal name Deliège, Robert
Relator term author
245 00 - TITLE STATEMENT
Title Anthropologie de la famille et de la parenté
260 ## - PUBLICATION, DISTRIBUTION, ETC.
Name of publisher, distributor, etc. Armand Colin,<br/>
Date of publication, distribution, etc. 2011.<br/>
520 ## - SUMMARY, ETC.
Summary, etc. Moeurs et rites propres aux sociétés traditionnelles sont évoqués sous l’angle d’une réflexion qui s’appuie sur les études classiques de Morgan, Rivers, Malinowski, Evans-Pritchard et Lévi-Strauss et sur les travaux plus récents de Meillassoux, Godelier, Leach, Spiro, Héritier, Bourdieu, Testart. Cette étude met également l’accent sur les débats et discussions qui ont marqué la discipline.
856 41 - ELECTRONIC LOCATION AND ACCESS
Uniform Resource Identifier <a href="https://shs.cairn.info/anthropologie-de-la-famille-et-de-la-parente-3e-ed--9782200259938?lang=fr&redirect-ssocas=7080">https://shs.cairn.info/anthropologie-de-la-famille-et-de-la-parente-3e-ed--9782200259938?lang=fr&redirect-ssocas=7080</a>

Pas d'exemplaire disponible.

PLUDOC

PLUDOC est la plateforme unique et centralisée de gestion des bibliothèques physiques et numériques de Guinée administré par le CEDUST. Elle est la plus grande base de données de ressources documentaires pour les Étudiants, Enseignants chercheurs et Chercheurs de Guinée.

Adresse

627 919 101/664 919 101

25 boulevard du commerce
Kaloum, Conakry, Guinée

Réseaux sociaux

Powered by Netsen Group @ 2025